| 000 | 00418nam a2200157 i 4500 | ||
|---|---|---|---|
| 001 | bg | ||
| 245 | 0 |
_aĆwiczenia z geodezji inżynieryjno-przemysłowej. _nCz. 2 / _cpod red. J. Ponikowskiego. |
|
| 260 |
_aWarszawa, _c1970. |
||
| 300 | _eAlbum rysunków. | ||
| 700 | 1 |
_aPonikowski, Jan. _eRed. |
|
| 040 | _cBPK | ||
| 041 | _apol | ||
| 080 | _a528(084.1) | ||
| 942 | _cKS | ||
| 008 | s pl f |000 0 pol | ||
| 999 |
_c34811 _d34811 |
||
| 856 |
_uhttp://koha.tu.koszalin.pl/cgi-bin/koha/opac-detail.pl?biblionumber=34811 _yKatalog online BPK |
||